Loading...
Maharani: Love adventures of Indian maharanis and princesses /
| Main Author: | |
|---|---|
| Other Authors: | |
| Format: | Printed Book |
| Language: | English |
| Published: |
New Delhi :
S Chand,
1972.
|
| LEADER | 00490nam a2200133Ia 4500 | ||
|---|---|---|---|
| 008 | 150624b xxu||||| |||| 00| 0 eng d | ||
| 082 | |a 923.154 | ||
| 100 | |a Dass, Jarmani | ||
| 245 | |a Maharani: |b Love adventures of Indian maharanis and princesses / |c Jarmani Dass | ||
| 260 | |a New Delhi : |b S Chand, |c 1972. | ||
| 700 | |a Dass, Rakesh Bhan | ||
| 942 | |c BK | ||
| 999 | |c 9752 |d 9752 | ||
| 952 | |0 0 |1 0 |4 0 |6 923_154000000000000_DAS_M |7 0 |9 9751 |a UL |b UL |c ST2 |d 1998-09-07 |l 0 |o 923.154 DAS/M |p 14923 |r 2012-10-27 |w 2012-10-27 |y BK | ||